000 01456nam a2200361 c 4500
003 BLK
005 20180422105016.0
008 180409b bul|||||r ||||||| ||bul||
010 _aKNG00100684000
020 _a954-8805-12-Х
_bиздат.: Грамма
040 _aBLK
041 _aGRE
_cDRU
_hBUL
080 _aНовогръцки език
_b811.146
_x(075.4)
_z811.146(075.4)
100 1 _aПърванов, Панайот Стефанов
_eпърви автор
_9366264
139 _aПърванов, Панайот Стефанов
_bП 97
245 1 0 _aГръцки език
_bСамоучител в диалози
_cПанайот Стефанов Първанов.
246 1 1 _aТа nea еллнniка : Yia vulgarus
250 _a2. прераб. изд.
257 _aBGR
260 Плевен
_bГрамма
_c1997
_fВ. Търново : Абагар
300 _a248 с.
_c21 см
_e2 аудиокасети
380 _a80
500 _a1. изд. 1992 на авт. - Касети с № 1842 ; 1843.
650 4 _aГръцки език - учебни помагала
_9250811
653 _aгръцки език
653 _aучебници за самообразование
653 _aсамоучители в диалози
852 _aЦб 211026
856 4 _qpdf
_u
856 4 _qpdf
_u
942 _cKNG
_n0
944 _aCR
_c01.01.1999
_kЛюдмила_Стоянова
944 _aED
_c06.10.2017
_kЛюдмила_Стоянова
999 _c95806
_d95806